MARC

Tag First Indicator Second Indicator Subfields
LEADER 00000cam a2200000 4500
001 in00000055228
005 20151008052207.0
008 741125s1927 enk 00000 eng u
010 |a  27013829  
035 |a (OCoLC)01086709 
035 |9 AAH2149AM 
040 |c DRB  |d TXA  |d UtOrBLW 
049 |a TXAM  |c [104803] 
050 0 0 |a HG56  |b .C35 
092 |a 368  |b W253 
245 0 0 |a War & insurance /  |c by Sir Norman Hill; S.G. Warner; Sidney Preston and A.E. Sich; Sir A.W. Watson...Sir William Beveridge; Sir William Schooling...with an introduction by Sir William Beveridge. 
264 1 |a London :  |b H. Milford, Oxford university press;  |a New Haven :  |b Yale university press,  |c 1927. 
300 |a xii, 283p. ;  |c 25cm. 
336 |a text  |b txt  |2 rdacontent 
337 |a unmediated  |b n  |2 rdamedia 
338 |a volume  |b nc  |2 rdacarrier 
490 1 |a Carnegie endowment for international peace. Division of economics and history. Economic and social history of the world war. British series 
500 |a Half-title: Publications of the Carnegie endowment for international peace. Division of economics and history. 
505 0 |a Editor's preface.-Introduction, by Sir William Beveridge.-State insurance against war risks at sea, by Sir Norman Hill.-Fire insurance during the war, by S. Preston and A.E. Sich.-The effect on British life assurance of the European war (1914-18) by S.G. Warner.-National health insurance and friendly societies during the war, by Sir Alfred W. Watson.-Unemployment insurance in the war and after, by Sir William Beveridge.-The national savings movement, by Sir William Schooling.-Index. 
650 0 |a World War, 1914-1918  |x Economic aspects  |z Great Britain. 
650 0 |a Insurance  |z Great Britain. 
650 0 |a Insurance  |z Great Britain  |x War risks. 
700 1 |a Hill, Norman,  |c Sir,  |d 1863-1944. 
700 1 |a Warner, S. G. 
700 1 |a Preston, Sidney,  |d 1850- 
700 1 |a Sich, A. E.  |q (Alexander Ernest),  |d 1871- 
700 1 |a Watson, A. W.  |q (Alfred William),  |c Sir,  |d 1870-1936. 
700 1 |a Beveridge, William Henry Beveridge,  |c Baron,  |d 1879-1963. 
700 1 |a Schooling, William,  |c Sir,  |d 1860-1936. 
830 0 |a Economic and social history of the World War.  |p British series. 
999 |a MARS 
999 f f |s 29e3e9cb-ed01-396d-ae75-32ccd4899e27  |i f6d44198-02f9-3d6b-ad5e-4b1806d133ae  |t 0 
952 f f |p ric  |a Texas A&M University  |b Rellis Campus  |c Joint Library Facility  |d Remote Storage  |t 0  |e HG56 .C35  |h Library of Congress classification  |i unmediated -- volume  |m A14800815795 
998 f f |a HG56 .C35  |t 0  |l Remote Storage